000
00202 a2200097 4500
020
_a
9789992231586
041
_a
spa
100
_a
Juarez martini, claudia
245
_a
Ciencias naturales 3
942
_c
BK
999
_c
11578
_d
11578